=LDR 00000nam 2200000 4500 =001 INLIS000000000021836 =005 20130612120645 =008 ***********************************Ind** =035 ##$$0010-061300000021836 =041 ##$$a Ind =082 ##$$a 922 =090 ##$$a 922, Kas-k =100 ##$$a KASTURI,N =245 ##$$a Kebenaran,kebajikan dan keindahan (Sathyam Sivam Sundaram), Kisah kehidupan bhagawan sri sathya sai baba, N.Kasturi,MA.,B.L =260 ##$$a 1981 $b Jakarta =300 ##$$a x, 221 hlm. , 21 cm =650 ##$$a Kisah Kehidupan-Sejarah =850 ##$$a NBPNMAT